Statistics for The 1975 - Love Me Lyrics

Click here to take the quiz!

General Stats

  • This quiz has been taken 19 times
  • The average score is 180 of 213

Answer Stats

Answer% Correct
a
100%
A
100%
be
100%
Be
100%
but
100%
do
100%
just
100%
love
100%
(Love
100%
me
100%
my
100%
on
100%
Say
100%
say
100%
that
100%
that's
100%
the
100%
to
100%
we
100%
you
100%
"You
100%
And
92%
and
92%
Hey!
92%
I'm
92%
No!
92%
oh)
92%
(Oh
92%
(oh
92%
Oh
92%
(Oh)
92%
(oh!)
92%
oh
92%
Oh!
92%
"Oh
92%
ohhh"
92%
so
92%
wanna
92%
what
92%
What
92%
yeah)
92%
Yeah?
92%
(Yeah)
92%
(yeah
92%
yeah!)
92%
(yeah)
92%
your
92%
you're
92%
friends
83%
got
83%
If
83%
in
83%
like
83%
like"
83%
look
83%
online
83%
there's
83%
up
83%
with
83%
about
75%
change!
75%
change
75%
face
75%
famous
75%
for
75%
keep
75%
let's
75%
Looking
75%
looking!
75%
looking
75%
nothing
75%
outside
75%
plane
75%
Reading
75%
reading
75%
shame!
75%
sometimes?
75%
thing
75%
things
75%
we'd
75%
Would
75%
yourself
75%
beautiful
67%
come
67%
fashion
67%
find
67%
important
67%
Next
67%
passion
67%
represent
67%
you'll
67%
You've
67%
accept!"
58%
Caught
58%
decline
58%
Fame
58%
(fame!)
58%
feet
58%
of
58%
panache
58%
something
58%
standards
58%
their
58%
them
58%
Well
58%
"We've
58%
been
50%
calendar
50%
Give
50%
it
50%
Karcrashian
50%
off
50%
people
50%
possess
50%
bag
42%
gets
42%
portray
42%
sack
42%
bash
33%
man
33%

Score Distribution

Percentile by Number Answered

Percent of People with Each Score

Your Score History

You have not taken this quiz